Suomen suosituimmat tyttöjen nimet - Statistics

Yleistilastot
  • Tätä visaa on pelattu 9 915 kertaa
  • Keskiarvotulos 23 / 50
Vastaustilastot
Lkm Nimi % Oikein
198 Anni
76%
323 Emma
73%
331 Aino
71%
297 Ella
69%
346 Sofia
68%
335 Aada
65%
207 Iida
65%
262 Emilia
63%
238 Elli
61%
218 Olivia
61%
394 Venla
59%
192 Sara
58%
325 Helmi
53%
240 Vilma
53%
113 Julia
52%
165 Veera
52%
175 Oona
51%
132 Sanni
51%
228 Enni
50%
143 Iina
49%
171 Siiri
48%
154 Viivi
48%
136 Lotta
47%
150 Alisa
46%
326 Elsa
45%
227 Amanda
44%
166 Nella
42%
132 Ilona
41%
131 Nelli
41%
172 Aava
40%
299 Eevi
40%
206 Kerttu
40%
132 Ronja
40%
237 Lilja
39%
177 Linnea
38%
130 Lumi
38%
174 Hilla
36%
198 Pihla
36%
221 Isla
35%
133 Alma
34%
193 Ellen
34%
118 Iiris
34%
131 Viola
33%
132 Matilda
32%
173 Minea
32%
135 Vilja
31%
128 Hilda
30%
165 Minttu
29%
222 Mila
28%
129 Seela
27%
Ehtoja vastaavia visoja ei löytynyt
Tulosjakauma
Jokaisen tuloksen saaneiden osuus
Persentiili vastausten määrän mukaan
Tuloshistoriasi
Et ole pelannut tätä visaa